000 00443nam a22001697a 4500
003 NUST - PNEC
005 20170116180837.0
008 150810b xxu||||| |||| 00| 0 eng d
020 _a8120319575
040 _cLIBRARY
082 _a537 PRA
100 _95045
_aPramanik, Ashutosh
245 _aElectromagnetism : theory and applications
_cAshutosh, Pramanik
260 _cc 2003
650 _95046
_aElectromagnetism
_x-
942 _2ddc
_cBK
999 _c64250
_d64250